Statistics for Five Biggest Countries by Map #2

Click here to take the quiz!

General Stats

  • This quiz has been taken 1,497 times
  • The average score is 36 of 40

Answer Stats

Country% Correct
Norway
99%
Norway
99%
Finland
98%
Sweden
98%
United Kingdom
98%
Russia
97%
Ireland
96%
Trinidad & Tobago
96%
China
95%
France
95%
Japan
95%
Brazil
93%
Morocco
93%
Algeria
92%
Cuba
91%
Spain
91%
Mongolia
90%
North Korea
90%
Somalia
90%
Venezuela
90%
Dominican Republic
89%
Ethiopia
89%
Haiti
88%
Suriname
88%
United States
88%
Guyana
87%
Iceland
87%
Lithuania
87%
Romania
87%
Saudi Arabia
87%
Sudan
87%
Mali
86%
Jamaica
85%
Greece
84%
Mauritania
84%
South Sudan
83%
Ukraine
81%
Turkey
79%
Italy
78%
Belarus
75%

Score Distribution

Percentile by Number Answered

Percent of People with Each Score

Your Score History

You have not taken this quiz